[Event "Lethbridge op"]
[Site "Lethbridge"]
[Date "2009.04.04"]
[Round "2"]
[White "Marshall, Jim"]
[Black "Kurylo, Ivor"]
[Result "0-1"]
[WhiteElo "1620"]
[BlackElo "1364"]
[PlyCount "82"]
[EventDate "2009.04.04"]
[EventType "swiss"]
[EventRounds "5"]
[EventCountry "CAN"]
[SourceTitle "EXT 2011"]
[Source "ChessBase"]
[SourceDate "2010.11.26"]
[SourceVersion "1"]
[SourceVersionDate "2010.11.26"]
[SourceQuality "1"]

1. e4 c5 2. Nf3 Nc6 3. d4 cxd4 4. Nxd4 d6 5. c4 e6 6. Nc3 a6 7. Be3 Nf6 8. Be2 Be7 9. 0-0 0-0 10. f4 Qc7 11. Kh1 Rd8 12. Qe1 e5 13. Nxc6 Qxc6 14. Bd3 Rb8 15. Rc1 Qd7 16. Ba7 Ra8 17. Bb6 Re8 18. f5 Qc6 19. Be3 Rb8 20. Rf3 Qd7 21. Rg3 Nh5 22. Rh3 Nf4 23. Bxf4 exf4 24. Nd5 Bg5 25. Rf3 b5 26. b3 Bb7 27. Nxf4 Bxe4 28. Bxe4 Qe7 29. Nd5 Qe5 30. Rd1 Qxe4 31. Qxe4 Rxe4 32. Nc3 Re7 33. h4 Bxh4 34. Rxd6 bxc4 35. Rxa6 cxb3 36. axb3 Reb7 37. Na4 Be7 38. Rc6 Rxb3 39. Rxb3 Rxb3 40. Rc8+ Bf8 41. Nc5 Rc3 0-1